000 00957nam0a22002771 4500
001 rc\4637719
005 20260407212014.0
021 _aRU
_bРг7152-65
035 _a(NLR Aleph) 008407367
090 _a9274450
_c9274450
100 _a20130416d1965 |||y0rusy50 ca
101 0 _arus
_aest
102 _aRU
105 _aa z |||||
200 1 _aСкульптура
_e[Альбом
_fВступ. статья М. Эллер]
_gМ-во культуры Эстон. ССР. Союз художников Эстон. ССР.
210 _aТаллин
_cБ. и.
_d1965
215 _a[8], 21 с.
_cил.
_d19
300 _aТекст парал. на рус. и эст. яз.
702 1 _aЭллер
_bМ.
_4080
712 0 1 _aЭССР
_bМинистерство культуры
_3RU\NLR\AUTH\8810141163
_9777186
801 0 _aRU
_bNLR
_gpsbo
801 1 _aRU
_bELAR
_2rusmarc
852 _aNLR
_bЭ
_jКТ162,2/1965
942 _cBOOK
980 _aNB